| 000 | 00734nam a22002415i 4500 | ||
|---|---|---|---|
| 001 | 13221 | ||
| 003 | ES-MaACL | ||
| 005 | 20240516063019.0 | ||
| 007 | t| | ||
| 008 | 950105s1982 sp a ||||0| spa j | ||
| 020 | _a84-86015-19-7 | ||
| 040 |
_aM-BN _bspa _cM-BN |
||
| 080 | _a860-32"19" | ||
| 100 | 0 |
_aPereira, Antonio, _d1923-2009 _990465 |
|
| 245 | 1 | 4 |
_aLos brazos de la i griega / _cAntonio Pereira. |
| 260 |
_aGijón : _bNoega, _c1982. |
||
| 300 |
_a170 p : _bil ; _c20 cm. |
||
| 490 | 1 |
_aLos libros de la caja oscura ; _v6 |
|
| 500 | _aIndice. | ||
| 830 | 0 |
_aLos libros de la caja oscura ; _v6 _9185558 |
|
| 852 |
_aES-MaACL _jL-20540 _bR.125855 _q. - Ded. autógr. del autor |
||
| 999 |
_c13221 _d13221 |
||